[Event "GBR-ch 50+ 106th"]
[Site "Torquay"]
[Date "2019.08.02"]
[Round "5"]
[White "Wheeler, James M"]
[Black "Lowe, Chris"]
[Result "1-0"]
[WhiteElo "1870"]
[BlackElo "2027"]
[PlyCount "57"]
[EventDate "2019.07.29"]
[EventType "swiss"]
[EventRounds "7"]
[EventCountry "ENG"]
[SourceTitle "EXT 2020"]
[Source "ChessBase"]
[SourceDate "2019.10.17"]
[SourceVersion "1"]
[SourceVersionDate "2019.10.17"]
[SourceQuality "1"]

1. d4 Nf6 2. Nc3 d5 3. Bf4 g6 4. Qd2 Bg7 5. Bh6 0-0 6. h4 Nc6 7. Bxg7 Kxg7 8. h5 e5 9. Nf3 Re8 10. hxg6 fxg6 11. Qh6+ Kg8 12. 0-0-0 exd4 13. Nxd4 Ne5 14. e4 Neg4 15. Qh4 Nh5 16. Nxd5 Qxh4 17. Rxh4 Nxf2 18. Re1 Rd8 19. Bc4 Kh8 20. e5 Bd7 21. e6 Be8 22. Rf1 g5 23. Rxf2 gxh4 24. e7 Rd6 25. Rf8+ Kg7 26. Nf5+ Kg6 27. Nxd6 cxd6 28. Nc7 Nf6 29. Nxa8 1-0

[Event "GBR-ch 50+ 106th"]
[Site "Torquay"]
[Date "2019.08.01"]
[Round "4"]
[White "Smith, Graham M"]
[Black "Wheeler, James M"]
[Result "1/2-1/2"]
[WhiteElo "2010"]
[BlackElo "1870"]
[PlyCount "81"]
[EventDate "2019.07.29"]
[EventType "swiss"]
[EventRounds "7"]
[EventCountry "ENG"]
[SourceTitle "EXT 2020"]
[Source "ChessBase"]
[SourceDate "2019.10.17"]
[SourceVersion "1"]
[SourceVersionDate "2019.10.17"]
[SourceQuality "1"]

1. d4 d6 2. Nf3 Bg4 3. e4 c6 4. Nc3 Nd7 5. h3 Bh5 6. Qe2 e6 7. g4 Bg6 8. h4 h5 9. g5 c5 10. d5 e5 11. Bh3 a6 12. a4 Qc7 13. Nd2 Rb8 14. a5 Be7 15. Nc4 Kf8 16. f4 exf4 17. Bxf4 Re8 18. 0-0 Ne5 19. Bxe5 dxe5 20. d6 Bxd6 21. Rad1 Be7 22. Rd7 Qb8 23. Qh2 Bd8 24. Nd5 f6 25. Qg3 Bf7 26. gxf6 gxf6 27. Nd6 Re7 28. Nxf6 Nxf6 29. Nxf7 Rxd7 30. Nxh8 Rg7 31. Ng6+ Kg8 32. Qb3+ Kh7 33. Bf5 Rxg6+ 34. Kh1 Kg7 35. Bxg6 Kxg6 36. Rg1+ Ng4 37. Qg8+ Kh6 38. Qf8+ Kg6 39. Qf5+ Kh6 40. Qf8+ Kg6 41. Qf5+ 1/2-1/2

[Event "GBR-ch 50+ 106th"]
[Site "Torquay"]
[Date "2019.07.30"]
[Round "2"]
[White "Wheeler, James M"]
[Black "Dilleigh, Stephen P"]
[Result "1/2-1/2"]
[WhiteElo "1870"]
[BlackElo "2000"]
[PlyCount "29"]
[EventDate "2019.07.29"]
[EventType "swiss"]
[EventRounds "7"]
[EventCountry "ENG"]
[SourceTitle "EXT 2020"]
[Source "ChessBase"]
[SourceDate "2019.10.17"]
[SourceVersion "1"]
[SourceVersionDate "2019.10.17"]
[SourceQuality "1"]

1. d4 d5 2. Nc3 Nf6 3. Bg5 Nbd7 4. e3 g6 5. f4 Bg7 6. Nf3 0-0 7. Be2 c6 8. Ne5 Ne8 9. Nxd7 Qxd7 10. 0-0 Nd6 11. Bd3 Nf5 12. Bxf5 Qxf5 13. Qd2 Qd7 14. Rad1 h6 15. Bh4 1/2-1/2

[Event "IECG CP.2007.P.00071 email"]
[Site "IECG email"]
[Date "2007.10.01"]
[Round "?"]
[White "Marcus, Frank"]
[Black "Wheeler, James M"]
[Result "0-1"]
[WhiteElo "1059"]
[BlackElo "2222"]
[PlyCount "68"]
[EventDate "2007.10.01"]
[EventType "tourn (corr)"]
[EventRounds "6"]
[SourceTitle "Corr 2011"]
[Source "ChessBase"]
[SourceDate "2010.08.31"]
[SourceVersion "1"]
[SourceVersionDate "2010.08.31"]
[SourceQuality "1"]

1. Nf3 d5 2. e4 dxe4 3. Ng5 Bf5 4. Nc3 Nf6 5. Nxf7 Kxf7 6. Bc4+ e6 7. d3 Nc6 8. 0-0 Be7 9. Bg5 Re8 10. Bxf6 Bxf6 11. dxe4 Qxd1 12. Raxd1 Bg6 13. Rd7+ Re7 14. Rfd1 Bxc3 15. bxc3 Bxe4 16. Bb3 Bd5 17. Rxe7+ Nxe7 18. a4 c5 19. c4 Bc6 20. c3 Nf5 21. Bc2 Ke7 22. f3 Ne3 23. Rd2 Nxc2 24. Rxc2 Bxa4 25. Rd2 a6 26. Kf2 Rd8 27. Rxd8 Kxd8 28. Ke2 Bb3 29. Kd3 a5 30. Kd2 a4 31. Kc1 a3 32. Kb1 Bxc4 33. h4 b5 34. g4 b4 0-1

[Event "IECG CP.2007.P.00071 email"]
[Site "IECG email"]
[Date "2007.10.01"]
[Round "?"]
[White "Molina, Vicente Andres"]
[Black "Wheeler, James M"]
[Result "0-1"]
[WhiteElo "1700"]
[BlackElo "2222"]
[PlyCount "40"]
[EventDate "2007.10.01"]
[EventType "tourn (corr)"]
[EventRounds "6"]
[SourceTitle "Corr 2011"]
[Source "ChessBase"]
[SourceDate "2010.08.31"]
[SourceVersion "1"]
[SourceVersionDate "2010.08.31"]
[SourceQuality "1"]

1. d4 Nf6 2. c4 e5 3. dxe5 Ng4 4. Nf3 Bc5 5. e3 Nc6 6. Nc3 0-0 7. Bd3 Re8 8. 0-0 Ncxe5 9. Nxe5 Nxe5 10. Be2 a5 11. b3 Ra6 12. Bb2 Rh6 13. Ne4 Qh4 14. h3 Qxe4 15. Rc1 d6 16. Qc2 Qh4 17. Rfd1 Rg6 18. Bxe5 Rxg2+ 19. Kxg2 Bxh3+ 20. Kh1 Rxe5 0-1

[Event "IECG WC.2011.P.00005 email"]
[Site "IECG email"]
[Date "2007.04.04"]
[Round "?"]
[White "Wheeler, James M"]
[Black "Stallinga, Hein"]
[Result "1-0"]
[WhiteElo "2162"]
[BlackElo "1819"]
[PlyCount "59"]
[EventDate "2007.04.04"]
[EventType "tourn (corr)"]
[EventRounds "6"]
[SourceTitle "Corr 2011"]
[Source "ChessBase"]
[SourceDate "2010.08.31"]
[SourceVersion "1"]
[SourceVersionDate "2010.08.31"]
[SourceQuality "1"]

1. d4 d5 2. Nf3 Bf5 3. c4 e6 4. Qb3 Nc6 5. c5 Rb8 6. Bf4 Be7 7. Nc3 g5 8. Bg3 h5 9. h4 g4 10. Ne5 Nf6 11. Qa4 0-0 12. Nxc6 bxc6 13. b3 Qd7 14. e3 Ra8 15. Qa5 Rfb8 16. Qxc7 Rb7 17. Qxd7 Nxd7 18. 0-0-0 a5 19. f3 e5 20. Be2 exd4 21. exd4 Rb4 22. fxg4 Bxg4 23. Bxg4 hxg4 24. Rhf1 Kg7 25. Rf4 Nf6 26. Rdf1 Kg6 27. Be1 Rb7 28. Nd1 a4 29. b4 Re8 30. Ne3 1-0

[Event "IECG WC.2011.P.00005 email"]
[Site "IECG email"]
[Date "2007.04.04"]
[Round "?"]
[White "Wheeler, James M"]
[Black "Van Esbroeck, Jeff"]
[Result "1-0"]
[WhiteElo "2162"]
[BlackElo "1782"]
[PlyCount "51"]
[EventDate "2007.04.04"]
[EventType "tourn (corr)"]
[EventRounds "6"]
[SourceTitle "Corr 2011"]
[Source "ChessBase"]
[SourceDate "2010.08.31"]
[SourceVersion "1"]
[SourceVersionDate "2010.08.31"]
[SourceQuality "1"]

1. d4 d5 2. Nf3 Nf6 3. e3 e6 4. Bd3 c5 5. c3 Bd6 6. Nbd2 Nbd7 7. 0-0 0-0 8. Re1 Qc7 9. e4 cxd4 10. cxd4 dxe4 11. Nxe4 Nxe4 12. Rxe4 Nf6 13. Rh4 h6 14. Bxh6 Rd8 15. Bxg7 Kxg7 16. Qd2 Kf8 17. Rc1 Qb6 18. Qg5 Ke7 19. Rh6 Rf8 20. Rxf6 Ke8 21. Ne5 Bxe5 22. dxe5 Bd7 23. Qg7 Qb4 24. Bg6 Qe7 25. Rd1 Kd8 26. h4 1-0

[Event "IECG CP.2006.P.00016 email"]
[Site "IECG email"]
[Date "2006.12.04"]
[Round "?"]
[White "Meireles, Alberto"]
[Black "Wheeler, James M"]
[Result "0-1"]
[WhiteElo "1428"]
[BlackElo "2166"]
[PlyCount "70"]
[EventDate "2006.10.01"]
[EventType "tourn (corr)"]
[EventRounds "6"]
[SourceTitle "Corr 2011"]
[Source "ChessBase"]
[SourceDate "2010.08.31"]
[SourceVersion "1"]
[SourceVersionDate "2010.08.31"]
[SourceQuality "1"]

1. e4 e6 2. d4 d5 3. Nc3 Bb4 4. e5 c5 5. a3 Bxc3+ 6. bxc3 Qc7 7. Nf3 Ne7 8. a4 h6 9. Bd3 b6 10. 0-0 Ba6 11. Bxa6 Nxa6 12. Qd3 Nb8 13. a5 c4 14. Qe2 bxa5 15. Nh4 0-0 16. Qg4 f5 17. Qg3 Kh7 18. Ba3 Nbc6 19. Bd6 Qd7 20. Rfb1 Rfd8 21. f4 Qe8 22. Rb5 Rd7 23. Bxe7 Rxe7 24. Nxf5 exf5 25. Rxd5 Rb7 26. Rc5 Rab8 27. Qe1 Rb5 28. Rxc4 Ne7 29. Rc7 Qd8 30. Rc4 Nd5 31. g3 Nb6 32. Rc6 Qd7 33. Rc5 Rxc5 34. dxc5 Nc4 35. Qf2 Nd2 0-1

[Event "IECG CP.2006.P.00016 email"]
[Site "IECG email"]
[Date "2006.12.04"]
[Round "?"]
[White "Wheeler, James M"]
[Black "Johnson, Michael"]
[Result "1-0"]
[WhiteElo "2166"]
[BlackElo "1143"]
[PlyCount "81"]
[EventDate "2006.10.01"]
[EventType "tourn (corr)"]
[EventRounds "6"]
[SourceTitle "Corr 2011"]
[Source "ChessBase"]
[SourceDate "2010.08.31"]
[SourceVersion "1"]
[SourceVersionDate "2010.08.31"]
[SourceQuality "1"]

1. e4 e5 2. Nf3 f5 3. Nxe5 Qf6 4. d4 d6 5. Nc4 Qg6 6. exf5 Bxf5 7. Ne3 Nf6 8. Nxf5 Qxf5 9. Bd3 Qe6+ 10. Qe2 Qxe2+ 11. Kxe2 Nc6 12. c3 0-0-0 13. Be3 Re8 14. Na3 d5 15. Nc2 Bd6 16. g3 Rhf8 17. Rae1 Ng4 18. f4 Ne7 19. Kf3 h5 20. Kg2 Nf5 21. Bc1 g6 22. Rxe8+ Rxe8 23. Re1 Rxe1 24. Nxe1 Kd7 25. Nf3 Ke6 26. Ne5 Nxe5 27. dxe5 Bc5 28. Kf3 a5 29. h3 Be7 30. g4 Nh4+ 31. Kg3 c6 32. a4 c5 33. b3 b6 34. Ba6 d4 35. Bc4+ Kd7 36. cxd4 cxd4 37. Bb2 g5 38. f5 Bc5 39. Bc1 Nxf5+ 40. gxf5 g4 41. hxg4 1-0

[Event "IECG CA.2006.0.00176 email"]
[Site "IECG email"]
[Date "2006.09.20"]
[Round "?"]
[White "Rebaudo, Nino"]
[Black "Wheeler, James M"]
[Result "1/2-1/2"]
[WhiteElo "2024"]
[BlackElo "2166"]
[PlyCount "59"]
[EventDate "2006.09.20"]
[EventType "tourn (corr)"]
[EventRounds "6"]
[SourceTitle "Corr 2011"]
[Source "ChessBase"]
[SourceDate "2010.08.31"]
[SourceVersion "1"]
[SourceVersionDate "2010.08.31"]
[SourceQuality "1"]

1. c4 Nf6 2. Nc3 e6 3. d4 d5 4. Nf3 Be7 5. Bg5 h6 6. Bh4 0-0 7. e3 b6 8. Bd3 Bb7 9. 0-0 Nbd7 10. Qe2 c5 11. Rfd1 Ne4 12. Bg3 Nxg3 13. hxg3 cxd4 14. exd4 Nf6 15. Ne5 Rc8 16. Rac1 dxc4 17. Bxc4 Nd5 18. Ba6 Nxc3 19. bxc3 Bxa6 20. Qxa6 Rc7 21. c4 Bf6 22. Qb5 Qc8 23. Ng4 Be7 24. a4 Rd8 25. Kh2 Rd6 26. a5 Qd8 27. axb6 axb6 28. Qb2 Bf6 29. Nxf6+ Qxf6 30. Rd3 1/2-1/2

[Event "IECG TE.2006.P.02210"]
[Site "IECG email"]
[Date "2006.06.19"]
[Round "?"]
[White "Wheeler, James M"]
[Black "Pereira, Prashant"]
[Result "1-0"]
[WhiteElo "2161"]
[BlackElo "1302"]
[PlyCount "45"]
[EventDate "2006.06.19"]
[EventType "tourn (corr)"]
[EventRounds "2"]
[SourceTitle "Corr 2008"]
[Source "ChessBase"]
[SourceDate "2008.06.24"]
[SourceVersion "1"]
[SourceVersionDate "2008.06.24"]
[SourceQuality "1"]

1. d4 f5 2. e4 fxe4 3. Nc3 Nf6 4. Bg5 Nc6 5. d5 Ne5 6. Qd4 Nf7 7. Bxf6 exf6 8. Nxe4 Be7 9. 0-0-0 0-0 10. Ng3 d6 11. Bd3 Ne5 12. f4 Nxd3+ 13. Rxd3 f5 14. Nf3 Bf6 15. Qc4 b5 16. Qxb5 Bd7 17. Qc4 Rb8 18. Rb3 Re8 19. Nh5 Rxb3 20. Nxf6+ Qxf6 21. Qxb3 Qg6 22. g3 c5 23. dxc6+ 1-0

[Event "IECG CA.2006.0.00172 email"]
[Site "IECG email"]
[Date "2006.05.22"]
[Round "?"]
[White "Bruckmayr, Friedrich"]
[Black "Wheeler, James M"]
[Result "1/2-1/2"]
[WhiteElo "2026"]
[BlackElo "2161"]
[PlyCount "45"]
[EventDate "2006.05.22"]
[EventType "tourn (corr)"]
[EventRounds "6"]
[SourceTitle "Corr 2008"]
[Source "ChessBase"]
[SourceDate "2008.06.24"]
[SourceVersion "1"]
[SourceVersionDate "2008.06.24"]
[SourceQuality "1"]

1. d4 Nf6 2. c4 e5 3. dxe5 Ng4 4. Nf3 Bc5 5. e3 Nc6 6. a3 a5 7. b3 0-0 8. Bb2 Re8 9. Be2 Ngxe5 10. 0-0 Nxf3+ 11. Bxf3 Ne5 12. Nc3 Ra6 13. Be4 Rh6 14. Bf5 Qg5 15. e4 Qh4 16. h3 Rd6 17. Nd5 c6 18. b4 Bxf2+ 19. Rxf2 Nxc4 20. Bxg7 Kxg7 21. Qd4+ Ne5 22. Qc5 Nd3 23. Qc3+ 1/2-1/2

[Event "IECG CA.2006.0.00172 email"]
[Site "IECG email"]
[Date "2006.05.22"]
[Round "?"]
[White "Wheeler, James M"]
[Black "Bogustov, Andrey Alexeevich"]
[Result "1-0"]
[WhiteElo "2161"]
[BlackElo "2176"]
[PlyCount "51"]
[EventDate "2006.05.22"]
[EventType "tourn (corr)"]
[EventRounds "6"]
[SourceTitle "Corr 2008"]
[Source "ChessBase"]
[SourceDate "2008.06.24"]
[SourceVersion "1"]
[SourceVersionDate "2008.06.24"]
[SourceQuality "1"]

1. d4 d5 2. Nf3 Nf6 3. c4 c6 4. Nc3 dxc4 5. a4 Bf5 6. Ne5 e6 7. f3 Bb4 8. Bg5 c5 9. dxc5 Qd5 10. Qxd5 exd5 11. e4 Bxe4 12. fxe4 Nxe4 13. 0-0-0 Bxc3 14. bxc3 f6 15. Rxd5 Nc6 16. Nxc4 Nxg5 17. Nd6+ Ke7 18. Bc4 Nf7 19. Re1+ Nfe5 20. Nxb7 Rab8 21. Nd6 Rhd8 22. Bb5 Kf8 23. Red1 h6 24. h4 Ra8 25. g4 Ne7 26. Rxe5 1-0

[Event "IECG CA.2006.0.00172 email"]
[Site "IECG email"]
[Date "2006.05.22"]
[Round "?"]
[White "Wheeler, James M"]
[Black "Vorobyev, Albert A"]
[Result "1-0"]
[WhiteElo "2161"]
[BlackElo "2102"]
[PlyCount "49"]
[EventDate "2006.05.22"]
[EventType "tourn (corr)"]
[EventRounds "6"]
[SourceTitle "Corr 2008"]
[Source "ChessBase"]
[SourceDate "2008.06.24"]
[SourceVersion "1"]
[SourceVersionDate "2008.06.24"]
[SourceQuality "1"]

1. e4 e6 2. d4 d5 3. Nc3 Nf6 4. Bg5 Bb4 5. e5 h6 6. Be3 Ne4 7. Qg4 Kf8 8. a3 Bxc3+ 9. bxc3 Nxc3 10. Bd3 b6 11. h4 Ba6 12. Rh3 Bxd3 13. cxd3 h5 14. Qf4 Qe7 15. Rf3 Na6 16. Nh3 Kg8 17. Bd2 Na4 18. Kf1 b5 19. Qg3 Nb6 20. Bg5 Qe8 21. Bf6 Qf8 22. Qf4 Rh6 23. Rg3 Rg6 24. Bg5 Nd7 25. Qe3 1-0

[Event "IECG TE.2005.S.01805"]
[Site "IECG email"]
[Date "2006.05.05"]
[Round "?"]
[White "Rheinstaedtler, Klaus"]
[Black "Wheeler, James M"]
[Result "1-0"]
[WhiteElo "2257"]
[BlackElo "2161"]
[PlyCount "75"]
[EventDate "2006.05.05"]
[EventType "tourn (corr)"]
[EventRounds "2"]
[SourceTitle "Corr 2008"]
[Source "ChessBase"]
[SourceDate "2008.06.24"]
[SourceVersion "1"]
[SourceVersionDate "2008.06.24"]
[SourceQuality "1"]

1. d4 Nf6 2. c4 c5 3. d5 b5 4. Nf3 g6 5. Qc2 Bg7 6. e4 0-0 7. cxb5 a6 8. a4 d6 9. Nc3 axb5 10. Bxb5 Na6 11. 0-0 Nb4 12. Qe2 Bg4 13. h3 Bxf3 14. Qxf3 Nc2 15. Rb1 Nd4 16. Qd3 Nd7 17. b3 f5 18. Bf4 fxe4 19. Qxe4 Rf5 20. Qe3 Nxb5 21. Nxb5 Nb6 22. Rbd1 Kh8 23. Qe4 Qg8 24. Nc7 Ra7 25. Ne6 Qa8 26. Nxg7 Kxg7 27. g4 Rxd5 28. Bd2 Kf7 29. Rde1 e5 30. Bc3 Nd7 31. f4 Kg8 32. h4 c4 33. Qxc4 Nb6 34. Qe2 Qc8 35. Ba1 Re7 36. fxe5 dxe5 37. Qf3 Qe8 38. Re2 1-0

[Event "IECG TE.2005.P.02010"]
[Site "IECG email"]
[Date "2005.12.19"]
[Round "?"]
[White "Trevis, Robert R"]
[Black "Wheeler, James M"]
[Result "0-1"]
[WhiteElo "1447"]
[BlackElo "2188"]
[PlyCount "59"]
[EventDate "2005.12.19"]
[EventType "tourn (corr)"]
[EventRounds "8"]
[SourceTitle "Corr 2008"]
[Source "ChessBase"]
[SourceDate "2008.06.24"]
[SourceVersion "1"]
[SourceVersionDate "2008.06.24"]
[SourceQuality "1"]

1. e4 e5 2. Nf3 Nc6 3. c3 d5 4. d4 dxe4 5. Bg5 f6 6. Bc4 fxg5 7. Nxe5 Nxe5 8. dxe5 Qxd1+ 9. Kxd1 Bf5 10. Nd2 0-0-0 11. Re1 Nh6 12. Kc1 Ng4 13. Nxe4 Nxe5 14. Bb5 g4 15. Kc2 g6 16. Rad1 Bg7 17. Rd4 Rxd4 18. cxd4 Nf7 19. Bc4 Re8 20. f3 Ng5 21. Bd3 gxf3 22. Nd6+ cxd6 23. Rxe8+ Kd7 24. Rg8 Bxd3+ 25. Kxd3 fxg2 26. Rxg7+ Kc6 27. h4 Ne6 28. Rxg6 hxg6 29. Ke4 g1Q 30. h5 0-1

[Event "IECG TE.2005.P.02010"]
[Site "IECG email"]
[Date "2005.12.19"]
[Round "?"]
[White "Wheeler, James M"]
[Black "Martinez Duran, Luis Enrique"]
[Result "1-0"]
[WhiteElo "2188"]
[BlackElo "1800"]
[PlyCount "85"]
[EventDate "2005.12.19"]
[EventType "tourn (corr)"]
[EventRounds "8"]
[SourceTitle "Corr 2008"]
[Source "ChessBase"]
[SourceDate "2008.06.24"]
[SourceVersion "1"]
[SourceVersionDate "2008.06.24"]
[SourceQuality "1"]

1. e4 e5 2. Nf3 Nc6 3. c3 d5 4. Bb5 Bg4 5. Qa4 Qd6 6. d4 Bxf3 7. dxe5 Qe6 8. Bxc6+ bxc6 9. gxf3 Ne7 10. Bf4 dxe4 11. fxe4 Ng6 12. Bg3 Bc5 13. Nd2 0-0 14. f4 Qe7 15. 0-0-0 Be3 16. Rhf1 Rfe8 17. Kc2 Rab8 18. Nc4 Bxf4 19. Bxf4 Qh4 20. Bg3 Qxe4+ 21. Kc1 Ne7 22. Rd4 Qe2 23. Qd1 Qxd1+ 24. Rfxd1 Rbc8 25. Rd7 Ng6 26. Na5 Nf8 27. R7d4 Ne6 28. Rc4 c5 29. Nb3 Kf8 30. Nxc5 Nxc5 31. Rxc5 Re6 32. Rd7 Re7 33. Rxe7 Kxe7 34. Ra5 Ra8 35. b4 Kd7 36. Bf2 a6 37. b5 c6 38. Rxa6 Rc8 39. Ra7+ Ke6 40. b6 Rb8 41. a4 g5 42. a5 h5 43. a6 1-0

[Event "IECG TE.2005.P.02010"]
[Site "IECG email"]
[Date "2005.12.19"]
[Round "?"]
[White "Wheeler, James M"]
[Black "Trevis, Robert R"]
[Result "1-0"]
[WhiteElo "2188"]
[BlackElo "1447"]
[PlyCount "75"]
[EventDate "2005.12.19"]
[EventType "tourn (corr)"]
[EventRounds "8"]
[SourceTitle "Corr 2008"]
[Source "ChessBase"]
[SourceDate "2008.06.24"]
[SourceVersion "1"]
[SourceVersionDate "2008.06.24"]
[SourceQuality "1"]

1. e4 e5 2. Nf3 Nc6 3. c3 Nf6 4. d4 d5 5. Bb5 exd4 6. e5 Qe7 7. 0-0 Ne4 8. Re1 Bd7 9. cxd4 Nxe5 10. Nxe5 Bxb5 11. Na3 Bd7 12. f3 Bf5 13. fxe4 Bxe4 14. Nb5 c6 15. Nc3 Qh4 16. Nxd5 Bd6 17. g3 Qh3 18. Nf4 Qf5 19. Qe2 Bxe5 20. Qxe4 Qxe4 21. Rxe4 0-0-0 22. Rxe5 Rxd4 23. Be3 Rb4 24. b3 a6 25. Bc5 Rb5 26. b4 Rd8 27. a4 Rxc5 28. Rxc5 Rd4 29. b5 axb5 30. axb5 Kc7 31. bxc6 bxc6 32. Rac1 Rd6 33. Nd5+ Kd7 34. Nb4 Rd2 35. Rxc6 Ke8 36. Rc7 Kf8 37. Ra1 g6 38. Raa7 1-0

[Event "IECG TE.2004.S.01604"]
[Site "IECG email"]
[Date "2005.11.27"]
[Round "?"]
[White "Hrvacic, Pavle"]
[Black "Wheeler, James M"]
[Result "1/2-1/2"]
[WhiteElo "2150"]
[BlackElo "2188"]
[PlyCount "55"]
[EventDate "2005.11.27"]
[EventType "tourn (corr)"]
[EventRounds "12"]
[SourceTitle "Corr 2008"]
[Source "ChessBase"]
[SourceDate "2008.06.24"]
[SourceVersion "1"]
[SourceVersionDate "2008.06.24"]
[SourceQuality "1"]

1. e4 c6 2. d4 d5 3. e5 c5 4. dxc5 Nc6 5. Bb5 e6 6. Be3 Nge7 7. c3 Bd7 8. Bxc6 Bxc6 9. Nf3 Nf5 10. Bd4 Nxd4 11. cxd4 b6 12. cxb6 Qxb6 13. Qc2 Be7 14. 0-0 0-0 15. Rc1 Rfc8 16. Nc3 Rab8 17. Rab1 f6 18. exf6 Bxf6 19. Ne2 Qa6 20. Qd2 Qxa2 21. Qe3 Bd7 22. Nc3 Qa6 23. Ra1 Qb6 24. Ra2 Rc4 25. Rd1 a5 26. Ne5 Bxe5 27. Qxe5 Rb4 28. Rd2 1/2-1/2

[Event "IECG CA.2005.0.00157"]
[Site "IECG email"]
[Date "2005.08.15"]
[Round "?"]
[White "Pecotic, Kuzma"]
[Black "Wheeler, James M"]
[Result "0-1"]
[WhiteElo "2041"]
[BlackElo "2197"]
[PlyCount "72"]
[EventDate "2005.08.15"]
[EventType "tourn (corr)"]
[EventRounds "6"]
[SourceTitle "Corr 2008"]
[Source "ChessBase"]
[SourceDate "2008.06.24"]
[SourceVersion "1"]
[SourceVersionDate "2008.06.24"]
[SourceQuality "1"]

1. e4 e5 2. Nf3 Nc6 3. Bb5 Nd4 4. Nxd4 exd4 5. 0-0 c6 6. Bc4 Nf6 7. Re1 d6 8. c3 Ng4 9. Qe2 b5 10. Bd3 Qb6 11. e5 Kd8 12. a4 b4 13. cxb4 Qxb4 14. f4 d5 15. e6 Nf6 16. exf7 Bd6 17. Na3 a5 18. Nc2 Qb6 19. Qf2 Rf8 20. b4 axb4 21. a5 Rxa5 22. Rxa5 Qxa5 23. Nxd4 Qc7 24. Bb2 Rxf7 25. g3 c5 26. Nb5 Qc6 27. Nxd6 Qxd6 28. Be5 Qc6 29. Qe2 Re7 30. Rc1 Nd7 31. Bb5 Qb6 32. Bxd7 c4+ 33. Kg2 Bxd7 34. Qh5 h6 35. Ra1 Bc8 36. Qf3 Bb7 0-1

[Event "IECG CA.2005.0.00151"]
[Site "IECG email"]
[Date "2005.05.16"]
[Round "1"]
[White "Wheeler, James M"]
[Black "Dard, Michel"]
[Result "1/2-1/2"]
[WhiteElo "2194"]
[BlackElo "2171"]
[PlyCount "61"]
[EventDate "2005.05.16"]
[EventType "tourn (corr)"]
[EventRounds "6"]
[SourceTitle "Corr 2008"]
[Source "ChessBase"]
[SourceDate "2008.06.24"]
[SourceVersion "1"]
[SourceVersionDate "2008.06.24"]
[SourceQuality "1"]

1. c4 Nf6 2. Nc3 e5 3. Nf3 Nc6 4. g3 Bb4 5. Nd5 Bc5 6. Bg2 0-0 7. 0-0 d6 8. a3 Nxd5 9. cxd5 Nd4 10. Nxd4 Bxd4 11. e3 Bb6 12. a4 a5 13. d3 Bf5 14. Qc2 Qd7 15. Bd2 Bh3 16. f4 exf4 17. Rxf4 Bxg2 18. Kxg2 f5 19. Raf1 Rae8 20. e4 fxe4 21. Rxf8+ Rxf8 22. Rxf8+ Kxf8 23. dxe4 Qf7 24. Bc3 c6 25. dxc6 bxc6 26. b4 axb4 27. Bxb4 Ke7 28. Be1 Bd4 29. Qxc6 Qa2+ 30. Kh3 Qe6+ 31. Kg2 1/2-1/2

[Event "IECG CA.2005.0.00151"]
[Site "IECG email"]
[Date "2005.05.16"]
[Round "1"]
[White "Yarkov, Evgeny Veniaminovic"]
[Black "Wheeler, James M"]
[Result "1/2-1/2"]
[WhiteElo "2108"]
[BlackElo "2194"]
[PlyCount "69"]
[EventDate "2005.05.16"]
[EventType "tourn (corr)"]
[EventRounds "6"]
[SourceTitle "Corr 2008"]
[Source "ChessBase"]
[SourceDate "2008.06.24"]
[SourceVersion "1"]
[SourceVersionDate "2008.06.24"]
[SourceQuality "1"]

1. e4 e5 2. Nf3 Nc6 3. d4 exd4 4. Nxd4 Qh4 5. Nc3 Bb4 6. Be2 Bxc3+ 7. bxc3 Nf6 8. Nf5 Qxe4 9. Nxg7+ Kd8 10. 0-0 Rg8 11. Bd3 Qh4 12. Nf5 Qh3 13. Ng3 Qh4 14. f3 d6 15. Rb1 a6 16. Bd2 b6 17. Qe2 Re8 18. Qf2 Bd7 19. a3 Kc8 20. Rfe1 Rxe1+ 21. Qxe1 Kb7 22. Ne4 Qxe1+ 23. Rxe1 Nxe4 24. Bxe4 f5 25. Bd5 Rh8 26. Kf2 Kc8 27. Bf4 h5 28. g3 Nd8 29. Re7 b5 30. Bg5 c6 31. Ba2 d5 32. Bf6 Rf8 33. Bg7 Re8 34. Rxe8 Bxe8 35. Ke3 1/2-1/2